Quels sont les joueurs du FC Sochaux (2021-2022) - Statistiques

Statistiques générales
  • Ce quiz a été pris 130 fois
  • Le résultat moyen est 17 sur 22
Statistiques - réponses
nationalité poste reponse % Correct
France G Maxence Prévot
97%
Guinée D Florentin Pogba
94%
France A Aldo Kalulu
92%
Algérie G Medhi Jeannin
89%
France M Gaétan Weissbeck
88%
France D Valentin Henry
87%
Sénégal M Joseph Lopy
86%
Sénégal D Abdallah Ndour
85%
France D Isamël Aaneba
85%
France M Tony Mauricio
82%
France A Maxime Do Couto
80%
France M Rassoul Ndiaye
78%
France A Yann Kitala
78%
Guinée Bissau A Steve Ambri
77%
Sénégal M Ousseynou Thioune
74%
Sénégal D Christophe Diedhiou
73%
France A Alan Virginius
71%
France D Marvin Senaya
66%
France M Younes Kaabouni
66%
Algérie M Samy Faraj
63%
France A Hermann Tebily
55%
France G Quentin Galvez-Diarra
46%
Aucun quiz correspondant
Distribution des résultats
% des personnes avec chaque résultat
Percentile par nombre de réponses
Votre historique - résultats
Vous n’avez pas pris ce quiz